000 01596cam a22002414a 4500
005 20250605164232.0
008 250528s ||||||||||||||||||||||||d
035 _a20993
020 _a9780470398814
040 _aGR-AtMCL
_bgre
_dGR-AtMCL
_eAACR2
245 1 _aFundamentals of Fluid Mechanics / International Student Edition: Sixth Edition
250 _a6th
260 _bJohn Wiley And Sons, Inc,
_c2010
300 _a756
520 _aThis book is respected by professors and students alike for its comprehensive topical coverage, its varied examples and homework problems, its application of the visual component of fluid mechanics, and its strong focus on learning. Introduction, Fluid Statics, Elementary Fluid Dynamics - The Bernoulli Equation, Fluid Kinematics, Finite Control Volume Analysis, Differential Analysis of Fluid Flow, Dimensional Analysis and Similitude and Modeling, Viscous Flow in Pipes, Flow Over Immersed Bodies, Open-Channel Flow, Compressible Flow, Turbomachines, Computational Fluid Dynamics and Flow lab, Physical Properties of Fluids, Properties of the U.S. Standard Atmosphere, Compressible Flow Data for an Ideal Gas, Online Appendix List, Comprehensive Table of Conversion Factors, Video Library, Review Problems, Laboratory Problems, CFD Driven Cavity Example, Flow lab Tutorial and User's Guide, Flow lab Problems, Answers, Index, Video Index.
700 1 _aHuebsch Wade W
_97006
700 1 _aMunson Bruce R
_97007
700 1 _aOkiishi Theodore H
_97008
700 1 _aYoung Donald F
_97009
942 _cBK
999 _c6070
_d6070